Počítačové pracoviská a zdravý životný štýl

Základné požiadavky návrhu nového počítačového pracoviska. Zdroje antropometrických údajov. Kritéria pri rozmiestňovaní ovládacích a kontrolných prvkov a zariadení nastavenia. Jednoduchosť nastavenia. Voľný priestor a povrchy. Úprava pracovného povrchu. Bezpečnosť a stabilita počítačového pracoviska...

Ausführliche Beschreibung

Gespeichert in:
Bibliographische Detailangaben
1. Verfasser: Cigánik, Marian
Weitere Verfasser: Belák, Peter
Format: Buchkapitel
Sprache:Slowakisch
Schlagworte:
Tags: Tag hinzufügen
Keine Tags, Fügen Sie das erste Tag hinzu!

MARC

LEADER 00000naa a2200000 4500
001 r035197
005 20230606075844.0
041 0 |a slo 
044 |a SK 
245 1 0 |a Počítačové pracoviská a zdravý životný štýl  |c Marian Cigánik, Peter Belák 
520 |a Základné požiadavky návrhu nového počítačového pracoviska. Zdroje antropometrických údajov. Kritéria pri rozmiestňovaní ovládacích a kontrolných prvkov a zariadení nastavenia. Jednoduchosť nastavenia. Voľný priestor a povrchy. Úprava pracovného povrchu. Bezpečnosť a stabilita počítačového pracoviska a nábytku. Tvar počítačovej stoličky. Usporiadanie počítačového pracoviska v miestnosti. 
610 2 0 |a prostredie pracovné 
610 2 0 |a počítače 
610 2 0 |a bezpečnosť práce 
610 2 0 |a nábytok 
610 2 0 |a pracovisko 
610 2 0 |a sily pracovné 
610 2 0 |a zamestnanci 
100 1 |a Cigánik, Marian 
700 1 |a Belák, Peter